000 00676nam a2200277Ia 4500
005 20260324133246.0
008 008 260324s9999 xx 000 0 eng d
020 _a9780429089923
037 _aEBOOK
040 _aCRL
040 _beng
040 _cCRL
041 _2eng
041 _aeng
084 _qCRL
100 _aRifat Latifi; Stanley J. Dudrick
_91192402
245 4 _aThe Biology and Practice of Current Nutritional Support
260 _bTaylor and Francis
260 _c2003
365 _a
365 _b160
856 _uhttp://www.taylorfrancis.com/books/9780429089923
942 _cEBOOK
999 _c1791285
_d1791285